Engineering economic analysis / (Record no. 10228)
[ view plain ]
| 000 -LEADER | |
|---|---|
| fixed length control field | 01343cam a22003615a 4500 |
| 001 - CONTROL NUMBER | |
| control field | 14942477 |
| 005 - DATE AND TIME OF LATEST TRANSACTION | |
| control field | 20150813120411.0 |
| 006 - FIXED-LENGTH DATA ELEMENTS--ADDITIONAL MATERIAL CHARACTERISTICS--GENERAL INFORMATION | |
| fixed length control field | m||||f ||z| 00| 0 |
| 008 - FIXED-LENGTH DATA ELEMENTS--GENERAL INFORMATION | |
| fixed length control field | 070726s2009 nyua frb 001 0 eng d |
| 010 ## - LIBRARY OF CONGRESS CONTROL NUMBER | |
| LC control number | 2007030977 |
| 020 ## - INTERNATIONAL STANDARD BOOK NUMBER | |
| International Standard Book Number | 9780195335415 (hardcover : alk. paper) |
| 020 ## - INTERNATIONAL STANDARD BOOK NUMBER | |
| International Standard Book Number | 0195335414 (hardcover : alk. paper) |
| 035 ## - SYSTEM CONTROL NUMBER | |
| System control number | (OCoLC)ocn159919479 |
| 035 ## - SYSTEM CONTROL NUMBER | |
| System control number | (OCoLC)159919479 |
| Canceled/invalid control number | (OCoLC)156816844 |
| 040 ## - CATALOGING SOURCE | |
| Original cataloging agency | DLC |
| Language of cataloging | eng |
| Transcribing agency | DLC |
| Modifying agency | BAKER |
| -- | BTCTA |
| -- | YDXCP |
| -- | C#P |
| -- | DLC |
| -- | EG-ScBUE |
| 050 00 - LIBRARY OF CONGRESS CALL NUMBER | |
| Classification number | TA177.4 |
| Item number | .N48 2009 |
| 082 04 - DEWEY DECIMAL CLASSIFICATION NUMBER | |
| Classification number | 658.15 |
| Item number | NEW |
| Edition number | 22 |
| 100 1# - MAIN ENTRY--PERSONAL NAME | |
| Personal name | Newnan, Donald G. |
| 9 (RLIN) | 20885 |
| 245 10 - TITLE STATEMENT | |
| Title | Engineering economic analysis / |
| Statement of responsibility, etc | Donald G. Newnan, Jerome P. Lavelle, Ted G. Eschenbach. |
| 250 ## - EDITION STATEMENT | |
| Edition statement | 10th ed. |
| 260 ## - PUBLICATION, DISTRIBUTION, ETC. (IMPRINT) | |
| Place of publication, distribution, etc | Oxford, New York : |
| Name of publisher, distributor, etc | Oxford University Press, |
| Date of publication, distribution, etc | c.2009. |
| 300 ## - PHYSICAL DESCRIPTION | |
| Extent | xxvi, 612 p. : |
| Other physical details | tables, photos (some col.) ; |
| Dimensions | 25 cm. + |
| Accompanying material | 1 CD-ROM (4 3/4 in.) |
| 500 ## - GENERAL NOTE | |
| General note | Index : p. 606-612. |
| 504 ## - BIBLIOGRAPHY, ETC. NOTE | |
| Bibliography, etc | Bibliography : p. 603-604. |
| 590 ## - LOCAL NOTE (RLIN) | |
| Local note | yassmeen ashraf |
| 650 #0 - SUBJECT ADDED ENTRY--TOPICAL TERM | |
| Topical term or geographic name as entry element | Engineering economy. |
| 9 (RLIN) | 20886 |
| Source of heading or term | BUEsh |
| 651 ## - SUBJECT ADDED ENTRY--GEOGRAPHIC NAME | |
| Source of heading or term | BUEsh |
| 653 ## - INDEX TERM--UNCONTROLLED | |
| Resource For college | Engineering, General |
| Arrived date list | August2015 |
| 700 1# - ADDED ENTRY--PERSONAL NAME | |
| Personal name | Eschenbach, Ted, |
| 9 (RLIN) | 20887 |
| Relator term | author. |
| 700 1# - ADDED ENTRY--PERSONAL NAME | |
| Personal name | Lavelle, Jerome P., |
| 9 (RLIN) | 20888 |
| Relator term | author. |
| 942 ## - ADDED ENTRY ELEMENTS (KOHA) | |
| Source of classification or shelving scheme | Dewey Decimal Classification |
| Item type | Book - Borrowing |
| Withdrawn status | Item status | Source of classification or shelving scheme | Damaged status | Not for loan | Home library | Current library | Shelving location | Date acquired | Source of acquisition | Total Checkouts | Total Renewals | Full call number | Barcode | Date last seen | Date last borrowed | Koha item type | Vendor |
|---|---|---|---|---|---|---|---|---|---|---|---|---|---|---|---|---|---|
| Dewey Decimal Classification | Central Library | Central Library | First floor | 19/10/2008 | Purchase | 11 | 34 | 658.15 NEW | 000013661 | 15/07/2025 | 06/11/2016 | Book - Borrowing | |||||
| Dewey Decimal Classification | Central Library | Central Library | First floor | 19/10/2008 | Purchase | 14 | 93 | 658.15 NEW | 000013660 | 15/07/2025 | 05/11/2020 | Book - Borrowing | |||||
| Dewey Decimal Classification | Central Library | Central Library | First floor | 28/10/2008 | 1 | 658.15 NEW | 000014146 | 24/08/2022 | 20/01/2010 | CD | DVD - With book (NB) | |||||||
| Dewey Decimal Classification | Central Library | Central Library | First floor | 28/10/2008 | 1 | 1 | 658.15 NEW | 000014147 | 24/08/2022 | 10/09/2017 | CD | DVD - With book | ||||||
| Dewey Decimal Classification | Central Library | Central Library | First floor | 28/10/2008 | 658.15 NEW | 000014148 | 24/08/2022 | CD | DVD - With book | |||||||||
| Dewey Decimal Classification | Central Library | Central Library | First floor | 03/11/2010 | 658.15 NEW | 000013664 | 15/07/2025 | NB - Book (Non borrowing) |